| 000 | 00649nam a2200181 i 4500 | ||
|---|---|---|---|
| 001 | 33461 | ||
| 003 | ES-MaACL | ||
| 005 | 20230906154748.0 | ||
| 007 | t| | ||
| 008 | 030202s1935 sp ||||1| spa d | ||
| 100 | 1 |
_aBielski, V. J. _928811 |
|
| 245 | 1 | 0 |
_aRondalla de la vila invisible de Kitej y de la donzella Fevronia _b: ópera en 4 actos de N. Rimski-korsakov / _clivre de V. J. Bielsi ; traducción del ruso de Joaquín Pena y Rodolf J. Slavy. |
| 260 |
_aBarcelona : _bInstitució del teatre, _c1935. |
||
| 300 |
_a93 p. ; _c18 cm. |
||
| 700 | 1 |
_aPena, Joaquín. _990136 |
|
| 700 | 1 |
_aSlavy, Rodolf J. _9106775 |
|
| 852 |
_aES-MaACL _j1815-F-11 |
||
| 999 |
_c33461 _d33461 |
||